000 00610nam a22002297a 4500
003 UA-OsUOA
001 71931
007 ta
008 20101214b un ||||| |||| 00| 0 ukr d
100 _aКислий В.
700 _aЖарик Т.
090 _a330(477)
_bК44
942 _cSA
040 _aUA-OsUOA
_bukr
_cUA-OsUOA
_dUA-OsUOA
245 _aРозвиток транспортно-логістичних кластерів в Україні
300 _aС.28-38
955 _a0
041 _aukr
080 _a330(477)
773 0 _w71929
650 7 _a330 Економіка взагалі
_2UDC
999 _c358215
_d358215